|
|
|
|
| LEADER |
03525nam a22004815i 4500 |
| 001 |
978-3-319-27452-2 |
| 003 |
DE-He213 |
| 005 |
20170517142633.0 |
| 007 |
cr nn 008mamaa |
| 008 |
160113s2016 gw | s |||| 0|eng d |
| 020 |
|
|
|a 9783319274522
|9 978-3-319-27452-2
|
| 024 |
7 |
|
|a 10.1007/978-3-319-27452-2
|2 doi
|
| 040 |
|
|
|d GrThAP
|
| 050 |
|
4 |
|a RG133.5
|
| 072 |
|
7 |
|a MFKC
|2 bicssc
|
| 072 |
|
7 |
|a HEA039060
|2 bisacsh
|
| 082 |
0 |
4 |
|a 612.6
|2 23
|
| 245 |
1 |
0 |
|a Recurrent Pregnancy Loss
|h [electronic resource] :
|b Evidence-Based Evaluation, Diagnosis and Treatment /
|c edited by Asher Bashiri, Avi Harlev, Ashok Agarwal.
|
| 264 |
|
1 |
|a Cham :
|b Springer International Publishing :
|b Imprint: Springer,
|c 2016.
|
| 300 |
|
|
|a XV, 208 p. 26 illus., 2 illus. in color.
|b online resource.
|
| 336 |
|
|
|a text
|b txt
|2 rdacontent
|
| 337 |
|
|
|a computer
|b c
|2 rdamedia
|
| 338 |
|
|
|a online resource
|b cr
|2 rdacarrier
|
| 347 |
|
|
|a text file
|b PDF
|2 rda
|
| 505 |
0 |
|
|a Part I: Introduction to Recurrent Pregnancy Loss -- Recurrent pregnancy loss: definitions, epidemiology, and prognosis -- Implantation, Physiology of Placentation -- Part II: Causes of Recurrent Pregnancy Loss -- Endocrine abnormalities in RPL -- Genetics of recurrent pregnancy loss -- Inherited and Acquired Thrombophilias and Adverse Pregnancy Outcomes -- Immunological causes of recurrent pregnancy loss -- Anatomical aspects in recurrent pregnancy loss -- Male Factors in Recurrent Pregnancy Loss -- Lifestyle and RPL -- The common characteristics between Infertility and recurrent pregnancy loss -- Part III: Management of Recurrent Pregnancy Loss. Contemporary Prevention and treatment of recurrent pregnancy loss -- Part IV: Psychological and Supporting Aspects of Recurrent Pregnancy Loss -- The healthcare giver's perspective – The importance of emotional support for women with recurrent RPL -- A Patient's Perspective -- Part V: The Future -- New Frontiers in RPL research and treatment.
|
| 520 |
|
|
|a Providing the latest evidence-based information on etiology, evaluation and treatment, this unique text provides an in-depth, comprehensive discussion of the epidemiology, genetic and endocrinologic factors and medical and surgical management of recurrent pregnancy loss (RPL). Taking a multidisciplinary approach including psychological treatment and patient perspectives, all aspects of current RPL prevention and treatment are elucidated. Detailed chapters provide real-world illustrative material and cover the set-up and management of RPL clinics and databases, containing practical tips. Recurrent Pregnancy Loss will be an excellent resource for OB-GYN specialists, general and reproductive endocrinologists, radiologists, hematologists, psychiatrists, psychologists, and any other investigators or clinicians treating patients confronted with this emotionally and physically trying condition.
|
| 650 |
|
0 |
|a Medicine.
|
| 650 |
|
0 |
|a Obstetrics.
|
| 650 |
|
0 |
|a Endocrinology.
|
| 650 |
|
0 |
|a Reproductive medicine.
|
| 650 |
1 |
4 |
|a Medicine & Public Health.
|
| 650 |
2 |
4 |
|a Reproductive Medicine.
|
| 650 |
2 |
4 |
|a Obstetrics/Perinatology.
|
| 650 |
2 |
4 |
|a Endocrinology.
|
| 700 |
1 |
|
|a Bashiri, Asher.
|e editor.
|
| 700 |
1 |
|
|a Harlev, Avi.
|e editor.
|
| 700 |
1 |
|
|a Agarwal, Ashok.
|e editor.
|
| 710 |
2 |
|
|a SpringerLink (Online service)
|
| 773 |
0 |
|
|t Springer eBooks
|
| 776 |
0 |
8 |
|i Printed edition:
|z 9783319274508
|
| 856 |
4 |
0 |
|u http://dx.doi.org/10.1007/978-3-319-27452-2
|z Full Text via HEAL-Link
|
| 912 |
|
|
|a ZDB-2-SME
|
| 950 |
|
|
|a Medicine (Springer-11650)
|